01527nam a2200361 a 4500001001000000003000500010005001700015008004100032010001100073011001100084040000900095090001000104100004300114245018500157260004100342500006000383502007500443590003700518590004000555590004000595650003200635650002100667650003000688700004300718856001600761856007000777901000700847942001000854942000600864999001900870952013600889952014001025000112581CHAP20220329144313.0160725s2016 mx a fsm |||||||spa d a109042 a110014 cCHAP aTesis1 aConcepción Santiago, Marisol913096510aPalatabilidad de ensilados de alfalfa (Medicago sativa L.) y pasto ovillo (Dactylis glomerata L.)/h[En línea]cpor Marisol Concepción Santiago y Luz del Carmen Cruz Camarillo. aChapingo, Méx. :bEl autor,c2016. aPara ver el contenido del material haga clic en la liga aTesis (Ing. Agr. Esp. en Zootecnia) -- UACH. Departamento de Zootecnia aBATCHb00c20181121lUCH01h0759 aE6096MTMb05c20160725lUCH01h1458 aE6096MTMb05c20160725lUCH01h145914aAlfalfa como forraje.9389914aEnsilaje.93710214aPastos forrajeros.9860941 aCruz Camarillo, Luz del Carmen9130966 a1 n0001672 aFinding aiduhttp://10.13.5.2/tesis/sist112581.pdfzTeclea aquí aBK cTESIS n0 c109042d109042 00104054718TESISaBCbBCd2016-07-25fTESISl0oTesisp33724002522686r2019-12-31 00:00:00w2019-12-31yTESISzRecien adquirido 00102local4053708TESISaBCbBCcPA_TESISd2016-07-25fTESISl0oTesisp33724002522728r2019-12-31 00:00:00tc.2w2019-12-31yTESIS